000 00500nam a2200169 4500
001 109982
003 ES-MaACL
007 t|
008 061121s1953 fr r ||||1| fre d
245 0 0 _aMoines.
260 _aParis :
_bDesclée de Brouwer,
_c1953.
300 _a222 p. ;
_c19 cm +
_e1 gráf. pleg.
490 1 _aTémoignages. Cahiers de la pierre qui-vire ;
_v26
830 0 _aTémoignages. Cahiers de la pierre qui-vire ;
_v26
_9183514
852 _aES-MaACL
_jE-4884
999 _c109982
_d109982